Central Library OPAC University of Rajshahi

General Chernyakhovsky / (Record no. 23784)

MARC details
000 -LEADER
fixed length control field 01041cam a2200289 a 4500
001 - CONTROL NUMBER
control field 23784
003 - CONTROL NUMBER IDENTIFIER
rucl marc code BD-RjUL
005 - DATE AND TIME OF LATEST TRANSACTION
control field 20211209000954.0
008 - FIXED-LENGTH DATA ELEMENTS--GENERAL INFORMATION
fixed length control field 140311s1980 ru a 000 0beng
035 ## - SYSTEM CONTROL NUMBER
System control number (BD-RjUL)23849
040 ## - CATALOGING SOURCE
Original cataloging agency DLC
Transcribing agency DLC
Modifying agency DLC
-- BD-RjUL
Language of cataloging eng
041 1# - LANGUAGE CODE
Language code of text/sound track or separate title engrus
082 00 - DEWEY DECIMAL CLASSIFICATION NUMBER
Classification number 940.541247
Edition number 19
Author mark and year SHG
100 1# - MAIN ENTRY--PERSONAL NAME
Personal name Sharipov, A. A.
Fuller form of name (Akram Agzamovich)
9 (RLIN) 73236
245 10 - TITLE STATEMENT
Title General Chernyakhovsky /
Statement of responsibility, etc. A. Sharipov ; [translated from the Russian by Yuri Shirokov].
260 ## - PUBLICATION, DISTRIBUTION, ETC. (IMPRINT)
Place of publication, distribution, etc. Moscow :
Name of publisher, distributor, etc. Progress Publishers,
Date of publication, distribution, etc. 1980.
300 ## - PHYSICAL DESCRIPTION
Pagination 507 p. :
Illustrations ill ;
Size 21 cm.
500 ## - GENERAL NOTE
General note Translation of: Cherni︠a︡khovskiĭ.
600 10 - SUBJECT ADDED ENTRY--PERSONAL NAME
Personal name Cherni︠a︡khovskiĭ, Ivan Danilovich,
Dates associated with a name 1906-1945.
610 10 - SUBJECT ADDED ENTRY--CORPORATE NAME
Corporate name or jurisdiction name as entry element Soviet Union.
Subordinate unit Raboche-Krestʹi︠a︡nskai︠a︡ Krasnai︠a︡ Armii︠a︡
650 #0 - SUBJECT ADDED ENTRY--TOPICAL TERM
Topical term or geographic name as entry element Generals
Geographic subdivision Soviet Union
General subdivision Biography.
9 (RLIN) 73239
Topical term or geographic name as entry element World War, 1939-1945
Geographic subdivision Soviet Union.
9 (RLIN) 73240
942 ## - ADDED ENTRY ELEMENTS (KOHA)
Source of classification or shelving scheme Dewey Decimal Classification
Koha item type Books
Holdings
Lost status Source of classification or shelving scheme Damaged status Not for loan Collection code Permanent Location Current Location Shelving location Date acquired Source of acquisition Cost, normal purchase price Total Checkouts Full call number Date last seen Copy number Koha item type
  Dewey Decimal Classification   Added to bundle Non-fiction Central Library, University of Rajshahi Central Library, University of Rajshahi Reading Room 11/03/1986 Asia Fundation Gift 0.00   940.541247 SHG 1980 11/03/2014 C-1 Books